Lesné hospodárstvo v Slovenskej republike za rok 1995

Salvato in:
Dettagli Bibliografici
Natura: Libro
Lingua:slovacco
Pubblicazione: Bratislava Štatistický úrad Slovenskej republiky 1996
Serie:Štatistické čísla a grafy
Soggetti:
Tags: Aggiungi Tag
Nessun Tag, puoi essere il primo ad aggiungerne!!

MARC

LEADER 00000nam a2200000 4500
001 c016940
005 20251202133643.5
041 0 |a slo 
044 |a SK 
245 1 0 |a Lesné hospodárstvo v Slovenskej republike za rok 1995 
264 1 |a Bratislava  |b Štatistický úrad Slovenskej republiky  |c 1996 
300 |a 98 s. 
490 1 |a Štatistické čísla a grafy 
830 0 |a Štatistické čísla a grafy 
610 2 0 |a Slovensko 
610 2 0 |a hospodárstvo lesné